000 00600nam a2200193Ia 4500
005 20260114185747.0
008 008 260114s9999 xx 000 0 eng d
020 _a9781350187528
037 _aEBOOK
040 _aCRL
_beng
_cCRL
041 _aeng
_2eng
084 _qCRL
100 _aLaNitra M. Berger
_9874074
245 0 _aIrma Stern and the Racial Paradox of South African Modern Art Audacities of Color
260 _bBloomsbury
_c2020
856 _uhttps://doi.org/10.5040/9781350187528?locatt=label:secondary_bloomsburyCollections
942 _cEBOOK
999 _c1473010
_d1473010